[Event "39th Olympiad Men"]
[Site "Khanty-Mansiysk RUS"]
[Date "2010.10.01"]
[Round "10"]
[White "Shaw, John"]
[Black "Dizdarevic, Emir"]
[Result "1/2-1/2"]
[WhiteElo "2446"]
[BlackElo "2475"]
[PlyCount "83"]
[EventDate "2010.09.21"]
[WhiteTeam "SCO"]
[BlackTeam "BIH"]

1. e4 e6 2. d4 d5 3. Nd2 c5 4. exd5 Qxd5 5. dxc5 Bxc5 6. Ngf3 Nf6 7. Bd3 O-O 8.
Qe2 Nbd7 9. b3 b6 10. Bb2 Bb7 11. O-O-O Rad8 12. g4 Qd6 13. Kb1 Qf4 14. Rhg1
Nd5 15. g5 Ba3 16. Bxh7+ Kxh7 17. Qd3+ Kg8 18. Bxa3 Nc5 19. Bxc5 bxc5 20. Kb2
Ne7 21. Qe3 Qf5 22. Qe5 Qh3 23. Rg3 Qh5 24. Rdg1 Nf5 25. Rg4 Bxf3 26. Nxf3 Rd5
27. Qf4 Nd4 28. Nxd4 Rxd4 29. Qg3 Rxg4 30. Qxg4 Qxh2 31. g6 Qxf2 32. Qh3 Qf6+
33. Ka3 fxg6 34. Re1 Qf5 35. Qc3 Rc8 36. Re5 Qf6 37. Qe3 Rc6 38. Qe4 Ra6+ 39.
Kb2 Rd6 40. Ka3 Ra6+ 41. Kb2 Rd6 42. Ka3 1/2-1/2

[Event "39th Olympiad Men"]
[Site "Khanty-Mansiysk RUS"]
[Date "2010.10.01"]
[Round "10"]
[White "Stojanovic, Dalibor"]
[Black "Burns-Mannion, Stephen R"]
[Result "1-0"]
[WhiteElo "2496"]
[BlackElo "2372"]
[PlyCount "99"]
[EventDate "2010.09.21"]
[WhiteTeam "BIH"]
[BlackTeam "SCO"]

1. e4 e5 2. Nf3 Nc6 3. Bb5 a6 4. Ba4 Nf6 5. O-O Be7 6. Re1 b5 7. Bb3 d6 8. a4
Rb8 9. axb5 axb5 10. c3 O-O 11. d4 exd4 12. cxd4 d5 13. e5 Ne4 14. Nc3 Nxc3 15.
bxc3 Bf5 16. Ra6 Qd7 17. Qe2 Nd8 18. Qa2 c6 19. Be3 Ne6 20. Ra7 Rb7 21. Ra1
Rfb8 22. Rxb7 Qxb7 23. Nd2 Nc7 24. h3 Ra8 25. Qb2 Ra6 26. g4 Bd3 27. Rxa6 Qxa6
28. Bc2 Bxc2 29. Qxc2 Qa4 30. Qd3 Qd1+ 31. Kg2 g5 32. Qf1 Qc2 33. Qa1 Qa4 34.
Qb1 Ne6 35. Nf3 h6 36. h4 gxh4 37. Bxh6 Qc4 38. Be3 Qe2 39. Qf5 Kg7 40. g5 Nf8
41. Nxh4 Ng6 42. Nf3 Qb2 43. e6 fxe6 44. Qxe6 Qc2 45. Ne5 Qe4+ 46. f3 Nh4+ 47.
Kf2 Qc2+ 48. Kg3 Nf5+ 49. Kh3 Kh7 50. Qg6+ 1-0

[Event "39th Olympiad Men"]
[Site "Khanty-Mansiysk RUS"]
[Date "2010.10.03"]
[Round "11"]
[White "Ahmed, Abdul Sattar abdulwh"]
[Black "McNab, Colin A"]
[Result "0-1"]
[WhiteElo "2342"]
[BlackElo "2445"]
[PlyCount "54"]
[EventDate "2010.09.21"]
[WhiteTeam "IRQ"]
[BlackTeam "SCO"]

1. e4 g6 2. d4 d6 3. f4 Bg7 4. Nc3 Nf6 5. Nf3 O-O 6. Be3 Nbd7 7. Qd2 c5 8.
O-O-O Ng4 9. Bg1 cxd4 10. Nxd4 e5 11. Nf3 exf4 12. h3 Ne3 13. Bxe3 fxe3 14.
Qxe3 Ne5 15. Qd2 Nxf3 16. gxf3 Be6 17. Kb1 Rc8 18. Nd5 Bxd5 19. Qxd5 Qf6 20. c3
Qxf3 21. Bd3 Rc6 22. Bc2 Rxc3 23. Rhf1 Rxc2 24. Kxc2 Qe2+ 25. Qd2 Qxe4+ 26. Kb3
b5 27. Rf4 Qe6+ 0-1

[Event "39th Olympiad Men"]
[Site "Khanty-Mansiysk RUS"]
[Date "2010.10.03"]
[Round "11"]
[White "Burns-Mannion, Stephen R"]
[Black "Noah, A .H. Al-Ali"]
[Result "1/2-1/2"]
[WhiteElo "2372"]
[BlackElo "2397"]
[PlyCount "110"]
[EventDate "2010.09.21"]
[WhiteTeam "SCO"]
[BlackTeam "IRQ"]

1. e4 e6 2. d4 d5 3. Nd2 Nf6 4. e5 Nfd7 5. c3 c5 6. f4 Nc6 7. Ndf3 cxd4 8. cxd4
Qb6 9. a3 Be7 10. h4 h5 11. b4 Rf8 12. Be3 a5 13. b5 Na7 14. a4 Qd8 15. Bd2 Nb6
16. Bxa5 Bd7 17. Ng5 Nac8 18. Bc3 Qc7 19. Rh3 Nc4 20. Rd3 Na3 21. Kf2 Nb6 22.
a5 Nbc4 23. b6 Qc6 24. Qxh5 Nxa5 25. Nh7 Nb3 26. Rad1 Nb5 27. Ne2 Rg8 28. Qg4
Ra2 29. Qg3 Nxc3 30. Rxc3 Bxh4 31. Qxh4 Qxc3 32. Qg4 Bb5 33. Nf6+ Kf8 34. Nh7+
Ke7 35. Qg5+ Kd7 36. Nf6+ Kc8 37. Nxg8 Bxe2 38. Bxe2 Nxd4 39. Re1 Nxe2 40. Rxe2
Qd4+ 41. Kf1 Ra1+ 42. Re1 Qc4+ 43. Kf2 Qc5+ 44. Kf1 Qb5+ 45. Kf2 Qxb6+ 46. Re3
Ra2+ 47. Kf3 Qb2 48. Kg4 Qxg2+ 49. Rg3 Qe2+ 50. Kh4 Qh2+ 51. Rh3 Qf2+ 52. Kh5
Qe2+ 53. Kh4 Qf2+ 54. Kh5 Qe2+ 55. Kh4 Qf2+ 1/2-1/2